| 000 | 01240nam a2200217Ia 4500 | ||
|---|---|---|---|
| 999 |
_c40389 _d40389 |
||
| 003 | OSt | ||
| 005 | 20210213122744.0 | ||
| 008 | 160316s2014 xxu||||| |||| 00| 0 eng d | ||
| 020 | _a9789353880194 | ||
| 040 | _cn | ||
| 082 |
_a954.035000 _bFER |
||
| 100 | _aFernee /tadd | ||
| 245 | _aEnlightenment and violence : Modernity and nation-making | ||
| 260 |
_aNew Delhi _bSage Publications _c2014 |
||
| 300 |
_a385p _cxiii |
||
| 365 | _b Rs. 995 | ||
| 505 | _aTable of Contents Series Editors’ Preface Acknowledgements Introduction Akbar’s “Universal Peace” (Sulh-i Kul): Relevance to the Enlightenment The European Enlightenment: Between Revenge and Reconciliation Early Indian Nationalism: Between Liberty and Authenticity The Indian National Movement and Gandhi: The Ethic of Reconciliation as Mass Movement The Ottoman–Turkish Experience of the Enlightenment: Mass Movement and Programme The Heritage of Non-violence in the Nehru Period: The Ethic of Reconciliation in Nation-Making Iranian Enlightenment: Struggle for Multi-Cultural Democracy and Its Demise Conclusion Bibliography Index | ||
| 650 | _a1. Political Violence - India2. Politics & Government3. Enlightment | ||
| 700 |
_a _a |
||
| 942 |
_2ddc _cBK |
||